Yleistieto - Aurinkokunta - Statistics

Yleistilastot
  • Tätä visaa on pelattu 800 kertaa
  • Keskiarvotulos 7 / 20
Vastaustilastot
Kysymys Vastaus % Oikein
Mikä planeetta sijaitsee lähimpänä Aurinkoa? Merkurius
97%
Millainen planeetta Pluto on? {Kääpiö}planeetta
76%
Missä galaksissa aurinkokunta sijaitsee? Linnunrata
76%
Mikä kaasu kattaa 89 % Jupiterin tilavuudesta? Vety
73%
Mikä "vyöhyke" sijaitsee Marsin ja Jupiterin kiertoratojen välissä? {Asteroidi}vyöhyke
52%
Kuka löysi yllä olevat kuut vuonna 1610? Galileo Galilei
40%
Mikä komeetta saapuu aurinkokunnan sisäosiin noin 75–76 vuoden välein? {Halley}n komeetta
35%
Mikä on Satunuksen suurin kuu? Titan
35%
Mikä kaasu kattaa 96 % Venuksen ilmakehästä? Hiilidioksidi
33%
Nimeä yksi Jupiterin neljästä suurimmasta kuusta: Ganymedes | Kallisto | Europa | Io
32%
Mitä hiilestä koostuvaa ainetta saattaa sataa Jupiterin, Saturnuksen, Uranuksen ja Neptunuksen taivaalta tähtitieteilijöiden mukaan? Timantti
31%
Mikä Marsissa sijaitseva vuori on kolme kertaa korkeampi kuin Mount Everest? {Olympus} Mons
23%
Mikä "vyöhyke" sijaitsee Neptunuksen kiertoradan ulkopuolella? {Kuiperin} vyöhyke
19%
Mikä on Aurinkoa lähimpänä sijaitseva tähti? Proxima Centauri
19%
Mistä tuli vuonna 2012 ensimmäinen ihmisten rakentama luotain, joka pääsi aurinkokunnan ulkopuolelle? Voyager 1
17%
Mikä käsite viittaa Auringon ja Maan väliseen etäisyyteen? {Astronominen} yksikkö
15%
Minkä niminen jättimäinen myrsky on ollut näkyvillä Jupiterin pinnalla ainakin vuodesta 1878 lähtien ja luultavasti paljon kauemmin? Suuri punainen pilkku
13%
Mikä on yllä olevan vyöhykkeen suurin kappale, joka on nimetty roomalaisen jumalattaren mukaan? Ceres
10%
Mikä muoto esiintyy selittämättömästi Saturnuksen pohjoisnavalla? Kuusikulmio
8%
Mikä komeetta iskeytyi Jupiteriin vuonna 1994 voimalla, joka vastaa 6 biljoonaa tonnia TNT:tä? {Shoemaker}–Levy
4%
Ehtoja vastaavia visoja ei löytynyt
Tulosjakauma
Jokaisen tuloksen saaneiden osuus
Persentiili vastausten määrän mukaan
Tuloshistoriasi
Et ole pelannut tätä visaa